Nutrition of plantation forests (Record no. 39148)

MARC details
000 -LEADER
fixed length control field 00377nam a2200145Ia 4500
082 ## - DEWEY DECIMAL CLASSIFICATION NUMBER
Classification number 630:631.811
Item number BOW
100 ## - MAIN ENTRY--AUTHOR NAME
Personal name BOWEN, G D
245 #0 - TITLE STATEMENT
Title Nutrition of plantation forests
260 ## - PUBLICATION, DISTRIBUTION, ETC. (IMPRINT)
Place of publication London
Name of publisher Academic
Year of publication 1984
650 ## - SUBJECT ADDED ENTRY--TOPICAL TERM
Topical Term Nutrient deficiency
650 ## - SUBJECT ADDED ENTRY--TOPICAL TERM
Topical Term Plantation forests
700 ## - ADDED ENTRY--PERSONAL NAME
Personal name NAMBIAR, E K S
942 ## - ADDED ENTRY ELEMENTS (KOHA)
Koha item type Books
Holdings
Withdrawn status Lost status Damaged status Not for loan Home library Current library Date acquired Full call number Accession Number Koha item type
        RRII Library RRII Library 16/12/2021 630:631.811 BOW 19492 Books